Textilkunst 81 (Record no. 10376)

MARC details
000 -CABECERA
campo de control de longitud fija 00784nam a2200229 a 4500
001 - NÚMERO DE CONTROL
campo de control BRL_1567
005 - FECHA Y HORA DE LA ÚLTIMA TRANSACCIÓN
campo de control 20190320211250.0
008 - DATOS DE LONGITUD FIJA--INFORMACIÓN GENERAL
campo de control de longitud fija 140314s1981----gw-o######---#000-0#ger-#
041 ## - CÓDIGO DE LENGUA
Código de lengua del texto/banda sonora o título independiente ger
044 ## - CÓDIGO DEL PAÍS DE LA ENTIDAD EDITORA/PRODUCTORA
Código MARC del país gw
050 #4 - SIGNATURA TOPOGRÁFICA DE LA BIBLIOTECA DEL CONGRESO
Número de clasificación NK8800.8
Número de documento/Ítem .I57 1981
110 2# - ENTRADA PRINCIPAL--NOMBRE DE ENTIDAD CORPORATIVA
Nombre de entidad corporativa o nombre de jurisdicción como elemento de entrada Institut für Künstlerische Textilgestaltung
9 (RLIN) 27305
245 10 - MENCIÓN DE TÍTULO
Título Textilkunst 81
Resto del título Linz, Stadtausstellung, september 1981 : Wien, Künstlerhaus, dezember 1981
260 ## - PUBLICACIÓN, DISTRIBUCIÓN, ETC.
Lugar de publicación, distribución, etc. [Alemania]
Nombre del editor, distribuidor, etc. Internationale Textilausstellung
Fecha de publicación, distribución, etc. 1981
300 ## - DESCRIPCIÓN FÍSICA
Extensión 1 v. (sin paginación)
Otras características físicas il., fotogrfías
Dimensiones 21 cm.
500 ## - NOTA GENERAL
Nota general Au1584
500 ## - NOTA GENERAL
Nota general Estado físico: Pasta del lomo desprendida
500 ## - NOTA GENERAL
Nota general Texto en: alemán e inglés
650 14 - PUNTO DE ACCESO ADICIONAL DE MATERIA--TÉRMINO DE MATERIA
Término de materia o nombre geográfico como elemento de entrada Telas
Subdivisión de forma Exposiciones
Subdivisión general Decoración y ornamentación
9 (RLIN) 27306
902 ## - CATALOGADOR
Iniciales GRL
942 ## - ELEMENTOS DE PUNTO DE ACCESO ADICIONAL (KOHA)
Fuente del sistema de clasificación o colocación Library of Congress Classification
Tipo de ítem Koha Libros
Holdings
Estado de retiro Estado de pérdida Estado dañado No para préstamo Localización permanente Ubicación/localización actual Fecha de adquisición Número de inventario Total de préstamos Signatura topográfica completa Código de barras Fecha visto por última vez Precio válido a partir de Tipo de ítem Koha
El ejemplar forma parte de la colección y puede ser consultado según las políticas vigentes.       Biblioteca Centro de Estudios Ruth D. Lechuga Biblioteca Centro de Estudios Ruth D. Lechuga 14/03/2014 Au1584   NK8800.8 .I57 1981 (Au1584) GRL01726 22/03/2019 22/03/2019 Libros